000 00383nam a2200169Ia 4500
005 20240823011604.0
008 240823s9999||||xx |||||||||||||| ||und||
082 _A823.914 N7
100 _a"Calvino,Italo"
245 0 _aFantastic Tales
250 _a1st
260 _c1997
_b"Vintage,New York"
500 _aYES
650 _aGeneral
_bGeneral
942 _cBK
999 _c161977
_d161977